|
|
|
|
| LEADER |
01480nam a2200361 a 4500 |
| 001 |
33335 |
| 003 |
BD-DhAAL |
| 005 |
20180714160612.0 |
| 008 |
180714t2005 bg ab b 001 0 eng |
| 999 |
|
|
|c 39744
|d 39744
|
| 020 |
|
|
|a 9840517007 (pbk.)
|
| 020 |
|
|
|a 9789840517008
|
| 035 |
|
|
|a 3621541
|
| 040 |
|
|
|a ANL
|b eng
|d ANL
|d BD-DhAAL
|
| 082 |
0 |
4 |
|a 338.926
|2 22
|
| 100 |
1 |
|
|a Sillitoe, Paul,
|d 1949-
|9 27174
|
| 245 |
1 |
0 |
|a Indigenous knowledge inquiries :
|b a methodologies manual for development /
|c Paul Sillitoe, Peter Dixon and Julian Barr.
|
| 260 |
|
|
|a Dhaka :
|b University Press,
|c 2005.
|
| 300 |
|
|
|a xv, 292 pages :
|b illustrations, maps ;
|c 24 cm.
|
| 490 |
1 |
|
|a Indigenous knowledge and development series
|
| 500 |
|
|
|a Includes index.
|
| 504 |
|
|
|a Includes bibliographical references (pages 241-277).
|
| 526 |
|
|
|a ARC
|
| 541 |
|
|
|e 33335
|
| 650 |
|
0 |
|a Ethnoscience.
|9 27175
|
| 650 |
|
0 |
|a Economic development projects.
|9 27176
|
| 650 |
|
0 |
|a Project management.
|9 27177
|
| 700 |
1 |
|
|a Dixon, Peter.
|9 27178
|
| 700 |
1 |
|
|a Barr, Julian.
|9 27179
|
| 830 |
|
0 |
|a Indigenous knowledge and development series.
|9 27180
|
| 852 |
|
|
|a Department of Architecture
|c General Stacks
|
| 942 |
|
|
|2 ddc
|c BK
|
| 952 |
|
|
|0 0
|1 1
|2 ddc
|4 0
|6 338_926000000000000_SIL
|7 0
|9 63772
|a ARC
|b ARC
|c GEN
|d 2018-07-14
|l 0
|o 338.926 SIL
|p 3010033335
|r 2018-07-14
|t 1
|w 2018-07-14
|y BK
|x lost from the ARC department library and approved by the Dean (reasons personal books withdrawn by Hasibul Kabir Sir and Building shifting)
|